000 00437cam a22001575a 4500
001 J100895
008 000000s1926 xxk 000 0 eng u
035 _a(Sirsi) u100895
110 _aAuctioneers' and Estate Agents' Institute of the United Kingdom
_93789
245 _aAnnual provincial meeting Leicester 1926.
260 _c1926
300 _a47p.
651 4 _aUnited Kingdom
_y
690 _aBusiness and management
942 _n0
999 _c99906
_d99906